| 000 | 00857nam1a22002411i 4500 | ||
|---|---|---|---|
| 001 | v19\rc\1922896 | ||
| 005 | 20260407051902.0 | ||
| 035 | _a(NLR Aleph) 005009296 | ||
| 090 |
_a6470284 _c6470284 |
||
| 100 | _a20080404g19121913|||y0rusy50 ca | ||
| 101 | 0 | _arus | |
| 102 | _aRU | ||
| 105 | _ay b ||||| | ||
| 200 | 1 |
_aАлфавитный каталог _eЧ. 1- |
|
| 210 |
_aСанкт-Петербург _cСтуд. б-ка Ин-та инж. пут. сообщ. _d1912-1913 |
||
| 215 | _d26 | ||
| 309 | _aНапеч. на пиш. маш. Литогр. | ||
| 710 | 0 | 2 |
_aИнститут инженеров путей сообщения _cПетербург _bБиблиотека _3RU\NLR\AUTH\8810021289 _9540535 |
| 801 | 0 |
_aRU _bNLR _gpsbo |
|
| 801 | 0 |
_aRU _bRuMoRGB _2psbo |
|
| 801 | 1 |
_aRU _bProSoft-M _2rusmarc |
|
| 852 |
_aNLR _bБ _j4730-П292/Б-648 |
||
| 942 | _cBOOK | ||